01175nam a22003014a 4500001001100000003000800011006001900019007001500038008004100053010001700094020001500111020001500126040002100141035002000162050002700182082001400209100003000223245010200253260006400355300003000419504006400449533015200513650002200665655002900687710001700716856012500733999001500858ebr5006355CaPaEBRm u cr cn|||||||||000502s2001 enkab sb 001 0 eng  z 00033750  z0521561256 z0521567718 aCaPaEBRcCaPaEBR a(OCoLC)5082248914aQC981.8.C5bB86 2001eb04a551.62211 aBurroughs, William James.10aClimate changeh[electronic resource] :ba multidisciplinary approach /cWilliam James Burroughs. aCambridge ;aNew York :bCambridge University Press,c2001. axv, 298 p. :bill., maps. aIncludes bibliographical references (p. 277-282) and index. aElectronic reproduction.bPalo Alto, Calif. :cebrary,d2013.nAvailable via World Wide Web.nAccess may be limited to ebrary affiliated libraries. 0aClimatic changes. 7aElectronic books.2local2 aebrary, Inc.40uhttp://site.ebrary.com/lib/rucke/Doc?id=5006355zAn electronic book accessible through the World Wide Web; click to view c6655d6655